| 000 | 00565nam a2200193Ia 4500 | ||
|---|---|---|---|
| 008 | 151119s9999||||xx |||||||||||||| ||und|| | ||
| 082 | _a891.463मूर्ती/परीघ | ||
| 082 | _bGKKV33001 | ||
| 100 | _aमूर्ती सुधा | ||
| 245 | _aपरीघ | ||
| 260 | _aपुणे | ||
| 260 | _bमेहता पब्लीशिग हाउस | ||
| 260 | _c2013 | ||
| 600 | _aमूर्ती सुधा | ||
| 630 | _aपरीघ | ||
| 700 | _aमूर्ती सुधा | ||
| 730 | _aपरीघ | ||
| 942 | _cBOOK | ||
| 999 |
_c1085302 _d1085299 |
||